Harry Potter - 7 groups of 7 - Statistics

General Stats
  • This quiz has been taken 351 times
  • The average score is 44 of 49
Answer Stats
Group Answer % Correct
Horcruxes Harry Potter
100%
Les "7 Potter" Harry Potter
100%
Joueurs dans l'équipe de Quidditch de Gryffondor Harry Potter
100%
Enfants Weasley Fred
98%
Les "7 Potter" Fred Weasley
98%
Joueurs dans l'équipe de Quidditch de Gryffondor Fred Weasley
98%
Enfants Weasley George
98%
Les "7 Potter" George Weasley
98%
Joueurs dans l'équipe de Quidditch de Gryffondor George Weasley
98%
Enfants Weasley Ron
98%
Les "7 Potter" Ron Weasley
98%
Enfants Weasley Ginny
97%
Horcruxes Nagini
97%
Enfants Weasley Percy
97%
Professeurs de Défense contre les Forces du Mal (ou Magie Noire) Severus Snape
97%
Enfants Weasley Bill
96%
Enfants Weasley Charlie
96%
Professeurs de Défense contre les Forces du Mal (ou Magie Noire) Remus Lupin
96%
Horcruxes Diary
95%
Professeurs de Défense contre les Forces du Mal (ou Magie Noire) Gilderoy Lockhart
95%
Professeurs de Défense contre les Forces du Mal (ou Magie Noire) Dolores Umbridge
94%
Titre des tomes Harry Potter and the Chamber of Secrets
94%
Titre des tomes Harry Potter and the Deathly Hallows
94%
Titre des tomes Harry Potter and the Goblet of Fire
94%
Titre des tomes Harry Potter and the Half-Blood Prince
94%
Titre des tomes Harry Potter and the Philosopher's Stone
94%
Titre des tomes Harry Potter and the Prisoner of Azkaban
94%
Professeurs de Défense contre les Forces du Mal (ou Magie Noire) Alastor "Mad-eye" Moody
93%
Horcruxes Ravenclaw's Diadem
93%
Titre des tomes Harry Potter and the Order of the Phoenix
92%
Professeurs de Défense contre les Forces du Mal (ou Magie Noire) Quirinus Quirrell
92%
Horcruxes Hufflepuff's cup
91%
Horcruxes Slytherin's locket
91%
Joueurs dans l'équipe de Quidditch de Gryffondor Oliver Wood
89%
Matières enseignées à Poudlard Potions
89%
Horcruxes Gaunts' ring
88%
Matières enseignées à Poudlard Defence against the Dark Arts
86%
Les "7 Potter" Hermione Granger
85%
Matières enseignées à Poudlard Charms
84%
Matières enseignées à Poudlard Transfiguration
84%
Matières enseignées à Poudlard Herbology
83%
Professeurs de Défense contre les Forces du Mal (ou Magie Noire) Amycus Carrow
78%
Joueurs dans l'équipe de Quidditch de Gryffondor Katie Bell
77%
Joueurs dans l'équipe de Quidditch de Gryffondor Angelina Johnson
76%
Les "7 Potter" Fleur Delacour
76%
Matières enseignées à Poudlard Astronomy
74%
Les "7 Potter" Mundungus Fletcher
67%
Matières enseignées à Poudlard History of Magic
65%
Joueurs dans l'équipe de Quidditch de Gryffondor Alicia Spinnet
64%
No matching quizzes found
Score Distribution
Percent of People with Each Score
Percentile by Number Answered
Your Score History
You have not taken this quiz